000 00364cam a2200145ua 4500
041 _aeng
_h
082 _a821
_bBYR/SA
100 _aByron, .
245 _aStastical and critical poems /
_cByron.
_hTextual Documents
260 _aLondon :
_bCambridge at the University Press ,
_c1962.
300 _a214 ; .
504 _a
942 _cBK
999 _c12338
_d12338